000 004700000a22001810004500
003 MACL
005 20150712123420.0
008 150712b xxu||||| |||| 00| 0 eng d
040 _aMACL
_cMACL
041 _aEnglish
082 _a320/SIN
100 _aSinha, R.P.
_9726
245 _aEG̜overnance In India
_bInitiatives And Issues
260 _bConcept Publishing Company
_c2006
_aNew Delhi
350 _a350
650 _aPolitical Science
_988
942 _cBK
_k320
_2ddc
999 _c8387
_d8387